Państwa według podpowiedzi - litera S - Statystyki

Ogólne statystyki
  • Ten quiz został rozwiązany 19 razy
  • Średni wynik to 14 z 22
Statystyki odpowiedzi
Podpowiedź Państwo % Poprawnych
Dzieli Tatry z Polską Słowacja
93%
Do 2011 było największym państwem w Afryce Sudan
93%
Jest to najgęściej zaludnione państwo w Ameryce Środkowej Salwador
87%
Odbywał się tam międzynarodowej sławy rajd Paryż-Dakar Senegal
87%
Otrzymało niepodległość od Malezji w 1965 roku Singapur
87%
Nie posiada stolicy ale nieoficjalnie za jego stolicę uznaje się Berno Szwajcaria
87%
Znajduje się tam klub golfowy którego połowa znajduje się w tym państwie a druga połowa w Finlandii Szwecja
87%
Graniczy z Gujaną Francuską Surinam
80%
Trzecie najbardziej zalesione państwo w Europie Słowenia
73%
Ma najdłuższą linię brzegową w Afryce Somalia
73%
Mieszka tam około 10 milionów Polaków Stany Zjednoczone
73%
Było połączone z Egiptem w latach 1958-1961 Syria
73%
W tym państwie karaibskim znajduje się aktywny wulkan który ostatnio wybuchł w 1979 roku Saint Vincent i Grenadyny
67%
Jego stolica - Victoria jest najmniejszą stolicą świata Seszele
60%
Dawniej było połączone z Indiami Sri Lanka
60%
Najstarsza republika na świecie San Marino
53%
Było kolonizowane przez Anglików i Francuzów od 1650 roku Saint Lucia
40%
Jest podzielone na regiony zwane itūmālō Samoa
40%
W 2002 roku uznało język bengalski za swój drugi język urzędowy Sierra Leone
33%
Aż 98% jego PKB pochodzi z eksportu ropy naftowej Sudan Południowy
33%
Wyspy tego państwa są oddzielone płytkim 3 kilometrowym kanałem Saint Kitts i Nevis
27%
Około 85% jego ludności wyznaje protestantyzm Serbia
27%
Nie znaleziono quizów pasujących do podanych kryteriów
Rozkład punktacji
Procent ludzi z każdym wynikiem
Percentyl według liczby udzielonych odpowiedzi
Twoja historia wyników
Nie rozwiązałeś tego quizu